000 00315nam a2200133 i 4500
001 bg
100 1 _aKORPAŁA, J.
245 0 _aKrótka historia bibliografii polskiej /
_cJ. Korpała.
260 _aWrocław,
_c1986.
040 _cBPK
041 _apol
942 _cKS
008 s pl f |000 0 pol
999 _c23286
_d23286
856 _uhttp://koha.tu.koszalin.pl/cgi-bin/koha/opac-detail.pl?biblionumber=23286
_yKatalog online BPK